00481nam a2200193 a 4500001001300000003000900013005001700022008004100039020001000080082001700090100001800107245003400125260003800159300000900197500003500206505001000241650001800251700001800269nice12345678IN_TiNIC20260116011545.0050524s1883 lona grp 000 0 eng  ac10000a297.09bMUI1 aMuir, William aAnnals of the Early Caliphate aLondonbSmith Elder and Co.c1883 a470p aincludes index and biblioraphy2 aIndex aIslam-History1 aMuir, William